000
00228nam a2200097Ia 4500
005
20251222114340.0
008
251222s1900||||xx |||||||||||||| ||spa||
082
_a
DVD0070/B94/2003/BR
245
0
_a
Big fish:El pez grande
942
_c
DVD
999
_c
832
_d
832